01163 2200229 4500001002100000005001500021035002000036001002100056005001500077035002000092245003900112100001700151250001700168300003100185260003300216082001000249084001600259020002200275600001200297650001400309520061000323INLIS00000000000053220240816085701 a0010-0824000050INLIS00000000000047720240723060548 a0010-07240000321 aBudi Daya Jangkrik /cP.P. Bayu S.0 aP.P. Bayu S. acetakan ke-1 ax, 51 hlm :bilus ;c21 cm aJakarta :bAzka Press,c2006 a639.7 a639.7 P.P b a978-979-744-460-0 4aDongeng 4aBudi Daya aBuku Budi daya Jangkrik ini ditulis oleh penulis berdasarkan pengalamannya sendiri. Dengan demikian, kebenaran tulisan dan hasilnya sudah pasti dapat dipertanggungjawabkan. Buku ini berisi cara membudidayakan jangkrik mulai dari persiapan pemilihan bibit, pemeliharaan dan pembesaran serta perhitungan laba rugi yang terinci. Buku ini ditulis dalam bahasa yang sederhana disertai penjelasan dengan gambar sehingga mudah dipahami. Buku ini cocok apakah untuk pemula atau untuk orang yang sudah terbiasa membudidayakan jangkrik baik sebagai hobi atau sebagai sarana untuk memperoleh pemasukan tambahan